01260cam a22003497a 4500003000500000005001700005008004100022010000900063011000900072035000900081040000900090082001500099100002400114245004000138260006500178300001900243490003000262590004100292590004100333590004100374590004200415650003300457650006100490700002400551830003700575901000700612942001000619949007000629949005300699999001500752952014300767CHAP20220329133120.0971013s1988 r 00010 d a2319 a3291 a2491 cCHAP a635.22bC500aClark, C. A.923605 0aCompendium of sweet potato diseases aSt. Paul, Minn. :bAmerican Phytopathological Society,c1988 a74 p.b: ilus. 0aDisease compendium series aBATCH-UPDb10c20130110lUCH01h0852 aBATCH-UPDb10c20130410lUCH01h0524 aBATCH-UPDb10c20130914lUCH01h0824 aCONVERSIONb10c20130109lUCH01h130314aCamotexEnfermedades.91788814aTubérculos y cultivos de raízxEnfermedades.91154830 aMoyer, J. W.9792090 aDisease compendium series932720 aBK cLIBRO a635.22 C5bBCcCd33724000902706eCgI.c/eh79628i2491sit69.30 a635.22 C53bPAcLIBROd-39eLIBROh1698i2491si c2319d2319 00102ddc4051708CaBCbBCcPA_CONSULTAd2019-12-31eI.c/efLIBROl0o635.22 C5p33724000902706r2019-12-31 00:00:00w2019-12-31yLIBRO